<?xml version="1.0" encoding="UTF-8"?>
<record
    xmlns:xsi="http://www.w3.org/2001/XMLSchema-instance"
    xsi:schemaLocation="http://www.loc.gov/MARC21/slim http://www.loc.gov/standards/marcxml/schema/MARC21slim.xsd"
    xmlns="http://www.loc.gov/MARC21/slim">

  <leader>01208cam a2200265 a 4500</leader>
  <controlfield tag="005">20161117020002.0</controlfield>
  <controlfield tag="008">080425t    2006ck ado  r     000 0 spa d</controlfield>
  <datafield tag="020" ind1=" " ind2=" ">
    <subfield code="a">9589759246</subfield>
  </datafield>
  <datafield tag="040" ind1=" " ind2=" ">
    <subfield code="a">CO-BoPUJ</subfield>
    <subfield code="c">CO-BoIAVH</subfield>
    <subfield code="d">CO-BoIAVH</subfield>
  </datafield>
  <datafield tag="041" ind1="0" ind2=" ">
    <subfield code="a">spa</subfield>
  </datafield>
  <datafield tag="044" ind1=" " ind2=" ">
    <subfield code="a">ck</subfield>
  </datafield>
  <datafield tag="082" ind1="0" ind2="4">
    <subfield code="a">333.918</subfield>
    <subfield code="b">A72</subfield>
  </datafield>
  <datafield tag="100" ind1="1" ind2=" ">
    <subfield code="a">Arcos Pulido, Mireya del Pilar</subfield>
  </datafield>
  <datafield tag="245" ind1="1" ind2="0">
    <subfield code="a">Perifiton</subfield>
    <subfield code="b">un estudio en el humedal de Jaboque</subfield>
    <subfield code="c">Mireya del Pilar Arcos Pulido y Aura Cristina G&#xF3;mez Prieto</subfield>
  </datafield>
  <datafield tag="250" ind1=" " ind2=" ">
    <subfield code="a">1a ed.</subfield>
  </datafield>
  <datafield tag="260" ind1=" " ind2=" ">
    <subfield code="a">Bogot&#xE1; (Colombia):</subfield>
    <subfield code="b">Universidad Colegio Mayor de Cundinamarca,</subfield>
    <subfield code="c">2006.</subfield>
  </datafield>
  <datafield tag="300" ind1=" " ind2=" ">
    <subfield code="a">63 p.</subfield>
    <subfield code="b">ilustraciones, cuadros y fotos</subfield>
    <subfield code="c">24 cm.</subfield>
  </datafield>
  <datafield tag="500" ind1=" " ind2=" ">
    <subfield code="a">Incluye anexos.</subfield>
  </datafield>
  <datafield tag="504" ind1=" " ind2=" ">
    <subfield code="a">Incluye referencias bibliogr&#xE1;ficas (P&#xE1;ginas 61-63).</subfield>
  </datafield>
  <datafield tag="505" ind1=" " ind2=" ">
    <subfield code="a">1. Teor&#xED;a y m&#xE9;todos aplicados al estudio del perifiton.
2. Apartes del estudio Diagn&#xF3;stico del estado actual del Humedal Jaboque, Localidad de Engativ&#xE1;, Bogot&#xE1; D.C., a partir de las microalgas que conforman la comunidad perif&#xED;tica.</subfield>
  </datafield>
  <datafield tag="650" ind1="1" ind2="4">
    <subfield code="a">Humedales</subfield>
    <subfield code="z">Engativa (Bogot&#xE1;, Colombia)</subfield>
  </datafield>
  <datafield tag="650" ind1="2" ind2="4">
    <subfield code="a">Conservaci&#xF3;n de humedales</subfield>
    <subfield code="z">Engativa (Bogot&#xE1;, Colombia)</subfield>
  </datafield>
  <datafield tag="700" ind1="1" ind2=" ">
    <subfield code="a">G&#xF3;mez Prieto, Aura Cristina</subfield>
  </datafield>
  <datafield tag="942" ind1=" " ind2=" ">
    <subfield code="2">ddc</subfield>
    <subfield code="c">LIBRO</subfield>
    <subfield code="0">2</subfield>
  </datafield>
  <datafield tag="999" ind1=" " ind2=" ">
    <subfield code="c">6071</subfield>
    <subfield code="d">6071</subfield>
  </datafield>
  <datafield tag="952" ind1=" " ind2=" ">
    <subfield code="0">0</subfield>
    <subfield code="1">0</subfield>
    <subfield code="2">ddc</subfield>
    <subfield code="4">0</subfield>
    <subfield code="7">0</subfield>
    <subfield code="8">GENERAL</subfield>
    <subfield code="I">INV2017</subfield>
    <subfield code="a">Bogota</subfield>
    <subfield code="b">Bogota</subfield>
    <subfield code="d">2007-12-26</subfield>
    <subfield code="e">Instituto</subfield>
    <subfield code="g">39000.00</subfield>
    <subfield code="l">4</subfield>
    <subfield code="o">LB-333.918 A72</subfield>
    <subfield code="p">025613</subfield>
    <subfield code="r">2019-01-25 00:00:00</subfield>
    <subfield code="s">2019-01-25</subfield>
    <subfield code="t">Ej.1</subfield>
    <subfield code="w">2012-12-04</subfield>
    <subfield code="x">Donaci&#xF3;n</subfield>
    <subfield code="y">LIBRO</subfield>
  </datafield>
</record>
